Les plus grandes Villes bordant la Mer Noire sur une carte - Statistiques

Statistiques générales
  • Ce quiz a été pris 28 fois
  • Le résultat moyen est 4 sur 8
Réponses sur la Carte
Les réponses sont colorées sur une échelle allant du rouge au vert en fonction du pourcentage des utilisateurs qui les ont devinées à leur premier essai. Vous pouvez retrouver ces pourcentages ci-dessous.
 
Statistiques - réponses
Pays Ville Population % Correct
Turquie Istanbul 15 655 924
100%
Ukraine Odessa 1 000 000
68%
Ukraine (en conflit) Sebastopol 556 304
57%
Roumanie Constanța 263 707
46%
Russie Sotchi 444 989
43%
Bulgarie Varna 311 093
39%
Turuqie Trabzon 327 000
32%
Turquie Samsun 1 348 542
18%
Aucun quiz correspondant
Distribution des résultats
% des personnes avec chaque résultat
Percentile par nombre de réponses
Votre historique - résultats
Vous n’avez pas pris ce quiz